000 00762nam a22002297a 4500
999 _c12959
_d12959
003 AR-CdUCM
008 190410b ||||| |||| 00| 0 spa d
040 _aMUNICIPALIDAD PROVINCIAL DEL CUSCO
_cBIBLIOTECA MUNICIPAL DEL CUSCO
082 _a869.501 /
_bC81
100 _aConcha, Salustio
_931095
245 _aKuyaway Warmy (Amame mujer) /
260 _aPerú :
_bLa gran flauta,
_c1986.
300 _a144 paginas :
_c20 cm.
505 _aContenido : Kuyaway Warmy -- Urpis -- Pares, pares, palomita -- El gran Eusebio Tapia -- Bestia Humana...
650 _aMujer
_9143
650 _aWarmy
_931096
650 _aUrpis
_931097
650 _aPaloma
_931098
650 _aNarraciones cusqueñas
_914912
942 _2ddc
_cLIBROS
945 _awnts
_d2019-04-10